| Tag |
First Indicator |
Second Indicator |
Subfields |
| LEADER |
00000cam a22000001a 4500 |
| 001 |
in00003285521 |
| 006 |
m d f |
| 007 |
cr bn mmmapmmp |
| 008 |
110909s2006 dcua ob f000 0 eng d |
| 005 |
20260504171028.9 |
| 035 |
|
|
|a chdc200600537
|
| 040 |
|
|
|a ProQuest
|c ProQuest
|d UtOrBLW
|
| 043 |
|
|
|a n-us---
|
| 074 |
|
|
|a 1017-A-01
|
| 074 |
|
|
|a 1017-B-01 (MF)
|
| 088 |
|
|
|a Serial no. 109-203 (United States. Congress. House. Committee on International Relations)
|
| 099 |
|
|
|a HRG-2006-HIR-0008
|
| 110 |
1 |
|
|a United States.
|b Congress.
|b House.
|b Committee on International Relations.
|b Subcommittee on International Terrorism and Nonproliferation.
|
| 245 |
1 |
0 |
|a Border vulnerabilities and international terrorism :
|b hearings before the Subcommittee on International Terrorism and Nonproliferation of the Committee on International Relations, House of Representatives, One Hundred Ninth Congress, second session, July 5 and 7, 2006.
|
| 264 |
|
1 |
|a Washington :
|b U.S. G.P.O. :
|c 2006.
|
| 264 |
|
2 |
|a Washington :
|b For sale by the Supt. of Docs., U.S. G.P.O.,
|
| 300 |
|
|
|a 1 online resource.
|
| 336 |
|
|
|a text
|b txt
|2 rdacontent
|
| 337 |
|
|
|a computer
|b c
|2 rdamedia
|
| 338 |
|
|
|a online resource
|b cr
|2 rdacarrier
|
| 500 |
|
|
|a Distributed to some depository libraries in microfiche.
|
| 500 |
|
|
|a Shipping list number: 2007-0038-P.
|
| 500 |
|
|
|a "Serial number 109-203."
|
| 504 |
|
|
|a Includes bibliographical references.
|
| 500 |
|
|
|a Reuse of record except for individual research requires license from ProQuest, LLC.
|
| 500 |
|
|
|a Electronic resource.
|
| 538 |
|
|
|a System requirements: PDF reader software.
|
| 650 |
|
0 |
|a Ports of entry
|x Security measures
|z Mexican-American Border Region.
|
| 650 |
|
0 |
|a Border patrols
|z Mexican-American Border Region.
|
| 650 |
|
0 |
|a Noncitizens
|x Government policy
|z United States.
|
| 650 |
|
0 |
|a Illegal immigration
|x Government policy
|z United States.
|
| 650 |
|
0 |
|a National security
|z United States.
|
| 651 |
|
0 |
|a United States
|x Emigration and immigration
|x Government policy.
|
| 655 |
|
7 |
|a Electronic books.
|2 local
|
| 710 |
2 |
|
|a ProQuest (Firm)
|
| 776 |
0 |
8 |
|i Print version:
|a United States.Congress.House.Committee on International Relations.Subcommittee on International Terrorism and Nonproliferation.
|t Border vulnerabilities and international terrorism
|w (DLC)2006470165
|w (OCoLC)ocm74490173
|w (OCoLC)74490173
|z 0160772869
|
| 776 |
0 |
8 |
|i Microfiche version:
|a United States.Congress.House.Committee on International Relations.Subcommittee on International Terrorism and Nonproliferation.
|t Border vulnerabilities and international terrorism
|d [Bethesda, Md.] : ProQuest LLC, [2004]
|o CIS 2006 H461-129
|w (ProQuest)cis00600865
|
| 830 |
|
0 |
|a U.S. Congressional Hearings.
|
| 856 |
4 |
0 |
|u http://proxy.library.tamu.edu/login?url=https://congressional.proquest.com/congcomp/getdoc?HEARING-ID=HRG-2006-HIR-0008
|z Connect to the full text of this electronic book
|t 0
|
| 998 |
|
|
|a cis00600865
|
| 999 |
|
|
|a MARS
|
| 999 |
f |
f |
|s f737817d-14d5-3f5b-8b15-86ffd965b5ca
|i 3868dbff-952e-3d9d-86a2-544566fa9308
|t 0
|
| 952 |
f |
f |
|a Texas A&M University
|b College Station
|c Electronic Resources
|s www_evans
|d Available Online
|t 0
|e HRG-2006-HIR-0008
|h Other scheme
|
| 998 |
f |
f |
|a HRG-2006-HIR-0008
|t 0
|l Available Online
|